[Event "Copenhagen Challenge IM 2020"]
[Site "Ballerup"]
[Date "2020.07.24"]
[Round "4.7"]
[White "Jepson, Christian"]
[Black "Brondt, Nicolai Kvist"]
[Result "1/2-1/2"]
[WhiteElo "2377"]
[BlackElo "2223"]
[Annotator "TA"]
[PlyCount "104"]
[EventDate "2020.07.22"]
[EventType "tourn"]
[EventCountry "DEN"]
[SourceTitle "playchess.com"]
[Source "ChessBase"]
[SourceQuality "1"]

{[%evp 18,104,47,52,57,50,67,66,64,61,82,80,90,37,54,60,77,77,86,81,81,82,91,81,85,85,90,100,96,61,69,65,145,145,145,145,145,145,145,142,145,127,258,114,120,126,119,81,72,81,92,122,107,35,34,0,44,62,127,116,122,125,124,105,170,181,189,169,169,143,254,266,259,116,94,104,109,0,0,0,0,0,0,0,0,0,0,0,0]} 1. e4 c5 2. Nf3 e6 3. d4 cxd4 4. Nxd4 Nc6 5. Nc3 Qc7 6. g3 a6 7. Bg2 d6 8. Nxc6 bxc6 9. O-O Nf6 10. Na4 Rb8 {B80: Sicilian Scheveningen: 6 g3 and 6 Be3, including English Attack.} 11. c4 c5 12. b3 Be7 {White is slightly better.} 13. Bb2 O-O 14. f4 Bb7 {[#]} 15. Re1 $146 (15. e5 $16 Ne4 16. Qg4) ({Predecessor:} 15. Qe2 Bc6 16. e5 Nd7 17. exd6 Bxd6 18. Bxc6 Qxc6 19. Qf3 Qc7 20. Qg4 g6 21. Rad1 {½-½ (48) Sanchez Aller,F (2352)-Rubio Mejia,L (2470) Linares 2014}) 15... Rfd8 $14 16. Qe2 Ne8 17. Rad1 Bf6 18. e5 Bxg2 19. Kxg2 Be7 20. Qf3 dxe5 21. fxe5 g6 22. Rf1 Bf8 23. Kf2 Ng7 24. g4 $1 Qe7 ({Black should try} 24... Rxd1 $14 25. Rxd1 Rd8) 25. Ke2 $16 Rbc8 26. h3 Qc7 27. Bc3 Ne8 28. Rd3 Bg7 29. Qe4 Qe7 (29... Bh6 $16 {is a better defense.}) 30. Ba5 (30. Rdf3 $1 $18 {and the rest is easy.}) 30... Rxd3 31. Kxd3 f6 32. exf6 Nxf6 33. Qe2 e5 34. Kc2 e4 35. Nb6 (35. Re1 $16) 35... Re8 $14 36. Bc3 Qe6 37. Na4 $36 {[%mdl 2048] White fights for an advantage.} Nd7 ({Black should play} 37... e3 $1 $14) 38. Qe3 $16 Qc6 39. Bxg7 Kxg7 40. Nc3 Nf6 {[#]} (40... h6 $16) 41. g5 $1 $18 {[%cal Rg5f6]} Nh5 42. Nd5 Qd6 43. Qf2 {Intending Qf7+ and mate.} Qd7 (43... Kh8 $16 {was necessary.} 44. Qe3 Kg7) 44. Qxc5 e3 {and the idea ...e2 leaves Black hopeful.} 45. Qc7 (45. Qd4+ $18 {is more deadly.} Kg8 46. Qd3) 45... Qxc7 $16 46. Nxc7 {[%mdl 4096] Endgame KRN-KRN} Re5 {[#]} 47. h4 ({Reject} 47. Nxa6 $6 Nf4 $11) (47. Nd5 $1 $16) 47... Nf4 $11 {...Ng2 is the strong threat.The position is equal.} 48. Re1 Ng2 {[%mdl 64] Double Attack} 49. Re2 Nf4 50. Re1 Ng2 {[%mdl 64] Double Attack} 51. Re2 Nf4 $1 {[%cal Rf4e2]} 52. Re1 Ng2 {[%mdl 64] Double Attack. Blacks defense is rewarded with a draw. Accuracy: White = 71%, Black = 77%.} 1/2-1/2

[Event "Copenhagen Challenge IM 2020"]
[Site "Ballerup"]
[Date "2020.07.24"]
[Round "4.8"]
[White "Hove, Esben Kjems"]
[Black "Brynell, Stellan"]
[Result "1/2-1/2"]
[WhiteElo "2324"]
[BlackElo "2414"]
[Annotator "TA"]
[PlyCount "77"]
[EventDate "2020.07.22"]
[EventType "tourn"]
[EventCountry "DEN"]
[SourceTitle "playchess.com"]
[Source "ChessBase"]
[SourceQuality "1"]

{[%evp 9,77,0,4,2,5,-6,6,-10,-6,-13,-15,-17,-11,-17,-8,-25,0,-30,0,-41,-51,-58,-53,-43,-14,-39,-26,-47,-33,-35,-29,-43,-15,-10,0,-8,0,0,0,0,0,0,0,0,56,62,66,70,75,70,81,66,69,73,89,64,60,38,38,52,106,66,67,69,80,0,0,0,61,0]} 1. d4 Nf6 2. Nf3 d5 3. b3 Bf5 4. Bb2 e6 5. e3 Nbd7 6. Nbd2 {D04: Colle System.} Bd6 7. Be2 Ne4 8. O-O {The position is equal.} Qf6 {[#]} 9. Nxe4 $146 ({Predecessor:} 9. c4 c6 10. Nxe4 Bxe4 11. Nd2 Qh6 12. f4 f5 13. Nxe4 fxe4 14. cxd5 exd5 15. Bg4 {0-1 (42) Garcia Terry,L (2061)-Frometa Castillo,Z (2048) Holguin 2020}) 9... dxe4 10. Nd2 Qh6 {[%csl Gd6][%cal Rh6h2] [#]} 11. g3 Nf6 12. Nc4 Be7 13. f4 Qh3 14. Rf2 Ng4 15. Bxg4 Bxg4 16. Qf1 f6 17. Nd2 (17. Qg2 {looks sharper.} Bf5 18. Ba3 Bxa3 19. Nxa3 h5 20. Nb5) 17... Qxf1+ 18. Raxf1 Bf5 19. Kg2 h5 20. h3 Kf7 21. a4 Rag8 22. Kh2 a6 23. a5 Rd8 24. Nc4 Rd5 25. Ra1 Rg8 26. Ba3 Bxa3 (26... Bd8 $11) 27. Rxa3 $14 Ke7 28. b4 Rdd8 29. Nd2 g5 30. Nb3 gxf4 31. Rxf4 Rg5 {[#] Strongly threatening ...Rdg8.} 32. h4 Rg7 {And now ...Rdg8 would win.} 33. Ra1 Rdg8 34. Rg1 b6 (34... Bg6 $14) 35. axb6 cxb6 36. c4 Rc8 37. Rc1 Rcg8 38. Rg1 Rc8 $1 {[%cal Rc8c4]} 39. Rc1 {Accuracy: White = 80%, Black = 79%.} ({Better is} 39. Nd2 $14) 1/2-1/2

[Event "Copenhagen Challenge IM 2020"]
[Site "Ballerup"]
[Date "2020.07.24"]
[Round "4.9"]
[White "Akdag, Dara"]
[Black "Nielsen, Viktor Haarmark"]
[Result "1/2-1/2"]
[WhiteElo "2244"]
[BlackElo "2301"]
[Annotator "TA"]
[PlyCount "138"]
[EventDate "2020.07.22"]
[EventType "tourn"]
[EventCountry "DEN"]
[SourceTitle "playchess.com"]
[Source "ChessBase"]
[SourceQuality "1"]

{[%evp 9,138,-20,-18,-18,16,0,22,33,64,48,56,61,38,45,74,73,72,72,76,68,62,56,92,69,104,104,112,107,124,99,98,90,117,108,138,118,140,134,141,124,136,140,176,178,174,176,175,175,178,172,187,186,165,150,214,217,254,255,251,242,236,225,223,81,58,0,0,0,0,0,0,0,0,0,0,0,0,0,0,0,0,0,0,0,0,0,0,0,0,0,0,0,0,0,0,0,0,0,0,0,0,0,0,0,0,0,0,0,0,0,0,0,0,0,0,0,0,0,0,0,0,0,0,0,0,0,0,0,0,0,0]} 1. f4 d5 2. Nf3 g6 3. e3 Bg7 4. Be2 Nf6 5. O-O O-O 6. b3 {A03: Bird's Opening with 1...d5.} Nfd7 {[#]} 7. Nc3 $146 ({Predecessor:} 7. d4 c5 8. c3 Nc6 9. Nbd2 Qa5 10. Bb2 Nf6 11. Ne5 cxd4 12. exd4 Bd7 13. Qe1 Rfd8 {0-1 (36) Kerchev,Z-Spiridonov,N Varna 1965}) 7... e5 8. Ba3 (8. Nxd5 e4 $17) 8... Re8 9. Nxd5 Nb6 10. Nxb6 axb6 11. Bb2 {[%cal Rf4e5]} e4 12. Ne5 $36 {[%mdl 2048] White is in control.} Nd7 {[%cal Rd7e5] [#]} 13. Nc4 $1 b5 14. Bxg7 Kxg7 15. Nb2 Qf6 16. Qc1 c6 17. a4 bxa4 18. Rxa4 Rxa4 19. Nxa4 b5 20. Nc3 Kg8 21. Qa3 Qe6 22. h3 Nf6 23. Qc5 Rd8 24. d4 exd3 25. Bxd3 b4 26. Nd1 ({But not} 26. Qxb4 $6 Qxe3+ 27. Kh2 Kg7 $16) 26... Qd6 27. Qxd6 Rxd6 28. e4 Rd8 29. Kf2 Be6 30. Nb2 Ra8 31. Ke3 Kf8 (31... h5 $16 32. Kd4 Ra5) 32. g4 $18 c5 33. f5 gxf5 34. gxf5 Bd7 35. Nc4 Bc6 36. Ne5 (36. Kf4 $18 {and White stays clearly on top.}) 36... Bxe4 $16 37. Ng4 (37. Bxe4 $14 Re8 38. Kf4 Nxe4 39. Nd7+ (39. Kxe4 f6 $14 {[%mdl 64] Pin}) 39... Kg7 40. Rg1+ Kh6 41. Ne5) 37... Bxd3 $11 {The position is equal.} 38. Kxd3 {[%mdl 4096] Endgame KRN-KRN} Rd8+ 39. Kc4 Nxg4 40. hxg4 {KR-KR} Rd4+ 41. Kxc5 Rxg4 42. f6 h5 43. Rf5 h4 44. Rh5 Kg8 $1 45. Kd5 Rf4 46. Ke5 Rg4 47. Kf5 Rd4 {[#] ( -> ...Rd5+)} 48. Rh6 Rd5+ 49. Ke4 Rd2 50. Rxh4 Rxc2 51. Kd5 Rd2+ 52. Kc5 Rf2 53. Rxb4 ({Don't do} 53. Kxb4 Rxf6 54. Ka5 Rf5+ 55. Ka6 Rf6+ 56. Kb7 Rf2 $16) 53... Rf5+ 54. Kd6 {Black must now prevent Rb8+.} Rxf6+ 55. Kc7 Rf1 56. Rc4 Kg7 57. b4 {Strongly threatening b5.} Rb1 58. Kc6 f5 59. b5 Kf6 60. b6 {Threatening Rc5.} Ke5 61. b7 Rxb7 62. Kxb7 {KR-KP} f4 63. Kb6 f3 64. Rc8 Ke4 65. Rf8 Ke3 66. Kc5 f2 67. Kd5 Ke2 68. Ke4 f1=Q 69. Rxf1 Kxf1 {Black defended with fortune. Accuracy: White = 91%, Black = 83%.} 1/2-1/2

[Event "Copenhagen Challenge IM 2020"]
[Site "Ballerup"]
[Date "2020.07.24"]
[Round "4.10"]
[White "Vesterli, Michael E."]
[Black "Vinter-Schou, Uffe"]
[Result "1-0"]
[WhiteElo "2266"]
[BlackElo "2349"]
[Annotator "TA"]
[PlyCount "69"]
[EventDate "2020.07.22"]
[EventType "tourn"]
[EventCountry "DEN"]
[SourceTitle "playchess.com"]
[Source "ChessBase"]
[SourceQuality "1"]

{[%evp 11,69,51,75,-9,38,28,64,56,50,43,48,39,42,22,31,27,61,39,28,3,37,0,-15,-7,0,0,0,-273,-4,-24,77,75,58,60,105,120,132,129,392,416,402,405,583,579,577,289,281,252,481,466,485,434,732,767,860,809,6002,5145,29996,29997]} 1. d4 Nf6 2. c4 c5 3. d5 g6 4. Nc3 Bg7 5. Nf3 O-O 6. Bf4 d6 7. e3 {E61: King's Indian: Early deviations for White, including Smyslov System.} (7. e4 $16) 7... Bf5 8. Nd2 {[#]} e5 $146 ({Predecessor:} 8... a6 9. a4 e5 10. Bg5 Qc7 11. h4 Ne8 12. e4 Bc8 13. g4 f6 14. Be3 Rf7 {1-0 (54) Anastasian,A (2470)-Brustman,A (2300) Aegina 1993}) 9. Bg5 {White is slightly better.} h6 10. Bh4 g5 11. Bg3 $1 e4 12. Qb3 Qe7 13. Be2 Na6 14. O-O-O Rfb8 15. Rhe1 Nc7 16. f3 (16. h4 $14) 16... exf3 $11 17. gxf3 Nh5 18. f4 Bg6 19. Nf1 $2 {[%mdl 8192]} (19. Rf1 $11 {and White stays safe.}) 19... gxf4 $2 (19... Nxg3 $19 20. hxg3 b5 $1 {[%mdl 512]} 21. cxb5 Nxb5 $1 {[%mdl 576] Remove Defender} 22. Nxb5 (22. Bxb5 $2 a6 $19) 22... a6) 20. exf4 {Bxh5 is the strong threat.} Qf6 (20... Nxg3 $11 21. hxg3 Re8) 21. Bxh5 $16 Bxh5 22. Ne4 $36 {[%mdl 2048] White fights for an advantage.} Qd8 {[#] Threatens to win with ...b5.} 23. f5 $1 b5 {aiming for ...bxc4.} (23... Bxd1 $6 24. Qxd1 Ne8 25. Qf3 $14) 24. Bxd6 bxc4 $2 {[%mdl 8192] Loses the game.} (24... Ne8 $16 {was called for.} 25. Bxb8 (25. Bxc5 Bxd1 26. Rxd1 bxc4 $15) 25... Bxd1) 25. Qg3 $18 Ne8 26. Bxb8 Bxd1 (26... Rxb8 $142 27. Rd2 c3) 27. Be5 ({Weaker is} 27. Rxd1 Qxb8 28. Qxb8 Rxb8 $16) 27... f6 28. Nxf6+ Nxf6 29. Rxd1 Qf8 $2 (29... Nh5 30. Qe3 Qg5) 30. Nd2 c3 31. bxc3 Re8 (31... Nd7 $142 32. f6 {[%mdl 64] Pin} Nxe5) 32. Rg1 Nh5 33. Bxg7 {And now Qg6! would win.} Qxf5 34. Qc7 {[%mdl 64] Double Attack} Re2 35. Qd8+ {Accuracy: White = 69%, Black = 37%.} 1-0

[Event "Copenhagen Challenge IM 2020"]
[Site "Ballerup"]
[Date "2020.07.24"]
[Round "5.6"]
[White "Brondt, Nicolai Kvist"]
[Black "Heimisson, Hilmir Freyr"]
[Result "0-1"]
[WhiteElo "2223"]
[BlackElo "2309"]
[Annotator "TA"]
[PlyCount "118"]
[EventDate "2020.07.22"]
[EventType "tourn"]
[EventCountry "DEN"]
[SourceTitle "playchess.com"]
[Source "ChessBase"]
[SourceQuality "1"]

{[%evp 15,118,9,18,18,33,18,29,29,31,0,19,21,17,13,19,13,18,0,0,0,0,0,0,0,0,-8,7,6,7,0,0,0,0,-16,-18,-10,-6,0,0,0,14,12,8,7,0,10,11,14,34,0,0,0,0,0,0,0,0,0,15,0,0,0,0,0,0,0,0,0,0,0,0,-1196,-833,-1322,-1314,-1029,-1038,-1038,-942,-5405,-10539,-29962,-29969,-29966,-29958,-29969,-29970,-29963,-6102,-29972,-29973,-29973,-29974,-29974,-29975,-29975,-29972,-29988,-29989,-29989,-29990,-29990,-29991,-29993,-29994]} 1. d4 e6 2. c4 b6 3. Nc3 Bb4 4. Qc2 Bb7 5. a3 Bxc3+ 6. Qxc3 Nf6 7. Nf3 d6 8. e3 Nbd7 9. Be2 {E21: Nimzo-Indian: 4 Nf3.} Qe7 10. b3 {[#]} Ne4 $146 ({Predecessor:} 10... O-O 11. Bb2 Ne4 12. Qc2 f5 13. Bd3 a5 14. O-O-O d5 15. Kb1 c5 16. dxc5 Nexc5 {0-1 (61) Sentug,H (1978)-Sarmadi,A (1987) Pervolia 2010}) 11. Qc2 {White has an edge.} Ng5 12. Qd1 Nxf3+ 13. Bxf3 Bxf3 14. Qxf3 O-O 15. Bb2 a5 16. a4 Rfd8 17. O-O Rac8 18. Rfd1 Qf6 19. Qxf6 Nxf6 20. Rac1 Kf8 21. Kf1 Ke7 22. Ke2 g5 23. h3 h5 24. Rc2 Rb8 25. Rcc1 Nd7 26. Ba3 f6 27. c5 b5 28. cxd6+ cxd6 29. Rc6 b4 30. Bb2 Nb6 31. Rdc1 Rb7 32. Rc7+ Rxc7 33. Rxc7+ Rd7 $1 {[%cal Rd7c7]} 34. Rxd7+ (34. Rc2 {seems wilder.} Nd5 35. Bc1 Nc3+ 36. Kd3 e5 37. f3) 34... Kxd7 $11 {[%mdl 4096] Endgame KB-KN} 35. g4 h4 36. Bc1 Ke7 37. Kd3 f5 38. f3 $1 Kf6 39. Bd2 d5 40. Be1 Nd7 41. Bf2 e5 42. gxf5 Kxf5 {Threatens to win with ...e4+.} 43. e4+ $2 {[%mdl 8192] [#] Black keeps a firm grip on the game.} (43. dxe5 $11 Nxe5+ 44. Ke2) 43... Kf4 $1 $19 44. Ke2 dxe4 45. fxe4 exd4 46. Bxd4 Kxe4 47. Be3 {[#]} g4 $1 {[%mdl 512]} 48. hxg4 {[#]} h3 $1 49. Bg1 {[#]} Nc5 $1 {[%mdl 512]} 50. g5 (50. Bxc5 h2) 50... Kf5 51. Kf3 Nxb3 52. Be3 Na1 {Black mates.} 53. Kg3 Nc2 54. Bc1 Ne1 55. Kxh3 Nd3 56. Kh4 Nxc1 57. Kh5 Ne2 58. g6 Nf4+ {[%mdl 64] Double Attack} 59. Kh6 Nxg6 {Accuracy: White = 76%, Black = 100%.} 0-1

[Event "Copenhagen Challenge IM 2020"]
[Site "Ballerup"]
[Date "2020.07.24"]
[Round "5.7"]
[White "Ingebretsen, Jens E"]
[Black "Hove, Esben Kjems"]
[Result "0-1"]
[WhiteElo "2182"]
[BlackElo "2324"]
[Annotator "TA"]
[PlyCount "70"]
[EventDate "2020.07.22"]
[EventType "tourn"]
[EventCountry "DEN"]
[SourceTitle "playchess.com"]
[Source "ChessBase"]
[SourceQuality "1"]

{[%evp 13,70,-7,0,-9,10,14,12,-27,-20,-20,-20,-29,-29,-24,-12,-14,-18,-23,-2,-15,-15,-70,-95,-193,-198,-279,-274,-250,-283,-306,-293,-303,-302,-310,-312,-320,-323,-458,-431,-456,-430,-561,-547,-636,-658,-655,-652,-850,-443,-768,-753,-1799,-1656,-2295,-2091,-29991,-29992,-29997,-29998]} 1. e4 e6 2. c4 d5 3. exd5 exd5 4. cxd5 Nf6 5. Bb5+ Nbd7 6. Nc3 Be7 7. Nf3 O-O 8. O-O {C00: French: Unusual White 2nd moves.} a6 9. Bxd7 Qxd7 {[#]} 10. Qb3 $146 {The position is equal.} ({Predecessor:} 10. Re1 Re8 11. Qb3 Bc5 12. Rxe8+ Qxe8 13. Qc4 Bd6 14. a4 Bg4 15. d4 Bxf3 16. gxf3 {0-1 (27) Bedenko,A (2126)-Grigoriev,Y (2054) St Petersburg 2006}) 10... b5 11. Ne5 Qf5 12. d4 Bb7 13. Be3 b4 14. Ne2 Bxd5 15. Ng3 Qe6 16. Qd3 Bd6 17. Rac1 ({White should play} 17. Rfe1 $11) 17... Bxa2 $15 {White is on the road to losing.} ({Much weaker is} 17... Bxe5 18. dxe5 Ng4 19. b3 $11) 18. f4 (18. Bd2 $17) 18... a5 $19 {[%cal Ba6a5,Ba5a4][%mdl 32]} 19. Qe2 (19. Qd2 {keeps fighting.}) 19... a4 20. f5 Qd5 21. Ng4 {[#]} Nxg4 $1 22. Qxg4 {Nh5 is the strong threat.} f6 23. Nh5 {[%csl Gh5][%cal Rg4g7] [#]} Rf7 $1 24. Bh6 Bf8 25. Rxc7 (25. Rfe1 {was necessary.} a3 26. bxa3 bxa3 27. Ra1) 25... Kh8 26. Rxf7 Qxf7 27. Bc1 Bc4 28. Rd1 a3 29. bxa3 bxa3 {[%cal Bb4a3,Ba3a2][%mdl 32]} 30. Nf4 Bd6 31. Qf3 (31. Bxa3 $142 Rxa3 32. Rc1) 31... Qe8 {White must now prevent ...a2.} 32. Ne6 a2 33. Bb2 Rb8 34. Qc3 {[#]} Qh5 $1 {[%mdl 576] Double Attack} 35. Rc1 Bxh2+ {Accuracy: White = 38%, Black = 91%.} 0-1

[Event "Copenhagen Challenge IM 2020"]
[Site "Ballerup"]
[Date "2020.07.24"]
[Round "5.8"]
[White "Vinter-Schou, Uffe"]
[Black "Jepson, Christian"]
[Result "1/2-1/2"]
[WhiteElo "2349"]
[BlackElo "2377"]
[Annotator "TA"]
[PlyCount "61"]
[EventDate "2020.07.22"]
[EventType "tourn"]
[EventCountry "DEN"]
[SourceTitle "playchess.com"]
[Source "ChessBase"]
[SourceQuality "1"]

{[%evp 9,61,0,0,-3,-6,0,-7,-14,-27,-22,-22,-19,-27,-12,-17,-29,-14,-39,-8,-9,-18,-18,-10,-10,0,0,0,0,0,-4,0,-4,0,0,0,0,0,0,29,13,17,0,7,0,14,0,0,0,0,0,0,0,0,0]} 1. e4 d5 2. exd5 Nf6 3. c4 e6 4. dxe6 Bxe6 5. d3 Nc6 {[%cal Bb8c6,Bc6b4,Bb4d3][%mdl 32]} 6. Nc3 {B01: Scandinavian Defence.} Qe7 7. Be2 O-O-O {[#]} 8. Qa4 $146 ({Predecessor:} 8. Nf3 Bxc4 9. O-O Ba6 10. Bg5 h6 11. Bxf6 Qxf6 12. Rc1 g5 13. b3 g4 14. Ne4 {1-0 (64) Razanadrakotoarisoa,T-Andriamasoandro,M (2117) Antananarivo 2015}) 8... Qb4 {With the idea ...Qxa4.} 9. Nf3 Qxa4 10. Nxa4 Nb4 {[#] White must now prevent ...Nc2+.} 11. O-O Nxd3 12. Bxd3 Rxd3 13. Bf4 Bd6 ({Don't play} 13... Bxc4 14. Rfc1 $11) 14. Bxd6 Rxd6 15. Rac1 Re8 16. Rfe1 Bxc4 17. Rxc4 Rxe1+ 18. Nxe1 {[#] Hoping for Nc5.} b5 19. Rb4 bxa4 20. Rxa4 $11 {[%mdl 4096] Endgame KRN-KRN} Rd1 {[%cal Rd1e1]} (20... Rd2 {looks sharper.} 21. Rxa7 Rxb2 22. Kf1 Nd5 23. Nd3 Rd2) 21. Kf1 Rb1 22. b3 Nd5 23. Rxa7 Ra1 24. Ra4 Kd7 {The position is equal.} 25. Rd4 Ke6 26. Rd2 g5 27. f3 Nb4 28. a4 Rb1 29. Ke2 Rxb3 30. Nd3 {Strongly threatening Nc5+.} Na6 31. Rc2 {An uneventful encounter. Accuracy: White = 95%, Black = 91%.} 1/2-1/2

[Event "Copenhagen Challenge IM 2020"]
[Site "Ballerup"]
[Date "2020.07.24"]
[Round "5.9"]
[White "Brynell, Stellan"]
[Black "Akdag, Dara"]
[Result "1-0"]
[WhiteElo "2414"]
[BlackElo "2244"]
[Annotator "TA"]
[PlyCount "45"]
[EventDate "2020.07.22"]
[EventType "tourn"]
[EventCountry "DEN"]
[SourceTitle "playchess.com"]
[Source "ChessBase"]
[SourceQuality "1"]

{[%evp 13,45,60,64,56,61,68,79,80,104,80,112,122,119,102,116,94,88,77,104,77,95,41,146,174,163,126,393,390,562,579,1004,972,530,512]} 1. d4 c5 2. d5 Nf6 3. Nf3 d6 4. Nc3 g6 5. e4 Bg7 6. Bb5+ Nbd7 7. a4 O-O 8. O-O {A43: Schmid Benoni.} Rb8 9. Re1 Nb6 10. h3 {[#] White is better.} Nh5 $146 ({Predecessor:} 10... Ne8 11. Bf4 a6 12. Bf1 e5 13. dxe6 fxe6 14. Qd2 Qc7 15. Bg3 Qc6 16. a5 Na8 {1-0 (33) Dizdar,G (2545)-Dobosz,H (2370) Austria 1999}) 11. Be3 e5 12. dxe6 Bxe6 13. Qd2 a6 14. Bf1 Qc7 15. Bh6 Nf6 16. Bxg7 Kxg7 17. Ng5 (17. Nh4 $16) 17... Bd7 (17... Rbd8 $1 $14) 18. a5 $36 {[%mdl 2048] White is in control.} Nc8 19. Nd5 Qd8 $2 {[%mdl 8192] This move loses the game for Black.} (19... Nxd5 $16 20. exd5 Qd8) 20. Qc3 $18 Rh8 (20... Be6 $142 21. Qxf6+ Qxf6 22. Nxf6 Kxf6) 21. Re3 {[#] Rf3 is the strong threat.White is clearly winning.} h6 22. Rf3 hxg5 23. Nxf6 {Accuracy: White = 93%, Black = 37%.} 1-0

[Event "Copenhagen Challenge IM 2020"]
[Site "Ballerup"]
[Date "2020.07.24"]
[Round "5.10"]
[White "Nielsen, Viktor Haarmark"]
[Black "Vesterli, Michael E."]
[Result "1-0"]
[WhiteElo "2301"]
[BlackElo "2266"]
[Annotator "RC"]
[PlyCount "69"]
[EventDate "2020.07.22"]
[EventType "tourn"]
[EventCountry "DEN"]
[SourceTitle "playchess.com"]
[Source "ChessBase"]
[SourceQuality "1"]
[TimeControl "40/5400:0"]

1. e4 {[%emt 0:00:00]} c5 {[%emt 0:00:00]} 2. Nf3 {[%emt 0:00:00]} Nc6 {[%emt 0:00:00]} 3. d4 {[%emt 0:00:00]} cxd4 {[%emt 0:00:00]} 4. Nxd4 {[%emt 0:00:00]} Nf6 {[%emt 0:00:00]} 5. Nc3 {[%emt 0:00:00]} e5 {[%emt 0:00:00]} 6. Ndb5 {[%emt 0:00:00]} d6 {[%emt 0:00:00]} 7. Bg5 {[%emt 0:00:00]} a6 {[%emt 0:00:00]} 8. Na3 {[%emt 0:00:00]} b5 {[%emt 0:00:00]} 9. Nd5 {[%emt 0:00:00]} Be7 {[%emt 0:00:00]} 10. Bxf6 {[%emt 0:00:00]} Bxf6 {[%emt 0:00:00]} 11. c4 {[%emt 0:00:00]} b4 {[%emt 0:03:54]} 12. Nc2 {[%emt 0:00:00]} a5 {[%emt 0:00:00]} 13. g3 {[%emt 0:00:00]} O-O {[%emt 0:00:00]} 14. Bg2 {[%emt 0:00:00]} Bg5 {[%emt 0:00:00]} 15. O-O {[%emt 0:00:00]} Be6 {[%emt 0:02:16]} 16. Qd3 {[%emt 0:02:29]} Qb8 {[%emt 0:04:57]} 17. f4 {[%emt 0:03:30]} Bh6 {[%emt 0:01:41]} 18. f5 {[%emt 0:01:06]} Bxd5 {[%emt 0:00:56]} 19. exd5 {[%emt 0:01:55]} Qb6+ {[%emt 0:04:19]} 20. Kh1 {[%emt 0:00:00]} Nd4 {[%emt 0:00:16]} 21. f6 {[%emt 0:01:31]} g6 {[%emt 0:00:35]} 22. Ne3 {[%emt 0:00:38]} Rfc8 {[%emt 0:02:53]} 23. h4 {[%emt 0:08:20]} Qd8 {[%emt 0:04:05]} 24. Ng4 {[%emt 0:00:35]} Bf8 {[%emt 0:03:54]} 25. Be4 {[%emt 0:03:45]} Qd7 {[%emt 0:02:25]} 26. Nf2 {[%emt 0:01:26]} b3 {[%emt 0:01:28]} 27. h5 {[%emt 0:04:26]} Qe8 {[%emt 0:02:15]} 28. Kg2 {[%emt 0:02:19]} bxa2 {[%emt 0:01:02]} 29. hxg6 {[%emt 0:08:17]} fxg6 {[%emt 0:00:42]} 30. Rxa2 {[%emt 0:14:35]} Rcb8 {[%emt 0:02:07]} 31. Nh3 {[%emt 0:01:16]} Kh8 {[%emt 0:00:25]} 32. Ng5 {[%emt 0:00:47]} Rb3 {[%emt 0:01:55]} 33. Qd1 {[%emt 0:01:03]} Bh6 {[%emt 0:11:30]} 34. Ne6 {[%emt 0:04:10]} Nf5 {[%emt 0:00:00]} 35. Qxb3 {[%emt 0:00:11]} 1-0